[Event "49th Capablanca Mem Open I 2014"]
[Site "Havana CUB"]
[Date "2014.05.10"]
[Round "3.30"]
[White "Ochoa de la Rosa, Manuel Dario"]
[Black "Gomez Fontal, Felix Manuel"]
[Result "0-1"]
[BlackTitle "IM"]
[WhiteElo "2275"]
[BlackElo "2353"]
[WhiteFideId "3509540"]
[BlackFideId "3500357"]
[EventDate "2014.04.08"]

1. Nf3 Nf6 2. g3 d5 3. Bg2 Bg4 4. Ne5 Bc8 5. c4 e6 6. O-O Nbd7 7. d4 c6 8. Nc3
Nxe5 9. dxe5 Nd7 10. cxd5 cxd5 11. e4 dxe4 12. Qa4 Be7 13. Rd1 O-O 14. Bf4 Qc7
15. Nxe4 Nb6 16. Qa5 Bd7 17. Nf6+ gxf6 18. Rac1 Qd8 19. Bxb7 Nd5 20. Qd2 Rb8 21.
exf6 Bxf6 22. Bxb8 Qxb8 23. Bc6 Bxc6 24. Rxc6 Qxb2 25. Qxb2 Bxb2 26. Ra6 Ra8 27.
Kg2 Kf8 28. Kf3 Ke7 29. g4 Be5 30. Rb1 Bd4 31. Rb7+ Kf6 32. Rd6 h6 33. Rdd7 Rf8
34. h4 Kg6 35. h5+ Kf6 36. Kg3 Be5+ 37. Kf3 Bb8 38. a4 Nb6 39. Rd4 Nd5 40. Rc4
Nb6 41. Rb4 Bd6 42. Re4 Rc8 43. Rxa7 Nd5 44. Rb7 Rc3+ 45. Kg2 Ra3 46. Rd7 Be5
47. Ra7 Nf4+ 48. Kf1 Ra2 49. a5 Nd3 50. f3 Rf2+ 51. Kg1 Bh2+ 52. Kh1 Nf4 0-1

[Event "49th Capablanca Mem Open I 2014"]
[Site "Havana CUB"]
[Date "2014.05.10"]
[Round "3.31"]
[White "Girones Barrios, Yans Richard"]
[Black "Mendez Fortes, Eduardo Jesus"]
[Result "1/2-1/2"]
[WhiteTitle "FM"]
[BlackTitle "FM"]
[WhiteElo "2274"]
[BlackElo "2347"]
[WhiteFideId "3506142"]
[BlackFideId "3502376"]
[EventDate "2014.04.08"]

1. c4 Nf6 2. d4 e5 3. dxe5 Ng4 4. Bf4 g5 5. Bg3 Nc6 6. Nf3 Bg7 7. h4 h6 8. hxg5
hxg5 9. Rxh8+ Bxh8 10. Qc2 Ngxe5 11. Nxe5 Nxe5 12. Nc3 Kf8 13. O-O-O d6 14. e3
Be6 15. Nb5 a6 16. Nd4 Bd7 17. Qh7 Bg7 18. Nf5 Bxf5 19. Qxf5 b5 20. c5 Qe7 21.
cxd6 cxd6 22. Kb1 Kg8 23. Bd3 Rb8 24. Bxe5 Qxe5 25. Qxe5 dxe5 26. Be4 Rb6 27.
Rd7 Rf6 28. f3 Bf8 29. Bd5 Bc5 1/2-1/2

[Event "49th Capablanca Mem Open I 2014"]
[Site "Havana CUB"]
[Date "2014.05.10"]
[Round "3.32"]
[White "Ordunez Echarte, Dennys"]
[Black "Diaz Perez, Michel Alejandro"]
[Result "1-0"]
[WhiteTitle "FM"]
[BlackTitle "FM"]
[WhiteElo "2341"]
[BlackElo "2250"]
[WhiteFideId "3512207"]
[BlackFideId "3517179"]
[EventDate "2014.04.08"]

1. e4 c5 2. Nf3 Nc6 3. Bb5 Nf6 4. e5 Nd5 5. Nc3 Nc7 6. a4 Nxb5 7. axb5 Nd4 8.
O-O d6 9. h3 Bf5 10. d3 e6 11. Be3 dxe5 12. Nxe5 Bd6 13. Nc4 Bc7 14. Ne4 b6 15.
Bxd4 Qxd4 16. Ra4 Qd7 17. Qf3 O-O 18. Nc3 a5 19. Re1 Rad8 20. Qc6 Rfe8 21. Ra3
e5 22. Qxd7 Rxd7 23. f4 f6 24. fxe5 fxe5 25. Raa1 Rdd8 26. Re2 Kf7 27. Rf1 Kg6
28. Re3 e4 29. dxe4 Be6 30. Nd5 Bb8 31. Ndxb6 Rd4 32. b3 a4 33. e5 axb3 34. cxb3
Bc7 35. Rc1 Rb8 36. Na4 Rxb5 37. Nd6 Rxb3 38. Rxb3 Bxb3 39. Nxc5 Bb6 40. Kh2 Bd5
41. Nd7 Ba7 42. Nc8 Be4 43. Nf8+ Kf7 44. Rf1+ Ke8 45. Ne6 Rd2 46. Nd6+ Rxd6 47.
exd6 Kd7 48. Rf7+ Kxd6 49. Ng5 Bb8 50. Rf8 Bc7 51. Rg8 Kd5+ 52. Kh1 h6 53. Nxe4
Kxe4 54. Rxg7 Bf4 55. g3 Bg5 56. Kg2 Kf5 57. Kf3 Bd2 58. Rb7 Bc1 59. Rb5+ Kg6
60. Kg4 Be3 61. Re5 Bd2 62. Re6+ Kf7 63. Kf5 Bc1 64. Rc6 Be3 65. Rc7+ Kf8 66.
Kg6 Bd2 67. Rh7 Be1 68. g4 Bd2 69. Rxh6 Bxh6 70. Kxh6 1-0

[Event "49th Capablanca Mem Open I 2014"]
[Site "Havana CUB"]
[Date "2014.05.10"]
[Round "3.33"]
[White "Llaudy Pupo, Lisandra"]
[Black "Marrero Lopez, Yaniet"]
[Result "0-1"]
[WhiteTitle "WIM"]
[BlackTitle "WGM"]
[WhiteElo "2246"]
[BlackElo "2340"]
[WhiteFideId "3506487"]
[BlackFideId "3503950"]
[EventDate "2014.04.08"]

1. e4 e5 2. Nf3 Nc6 3. c3 d5 4. Qa4 f6 5. Bb5 Ne7 6. exd5 Qxd5 7. O-O Be6 8. d4
e4 9. Nfd2 f5 10. Nb3 a6 11. c4 Qd8 12. Bxc6+ Nxc6 13. d5 b5 14. cxb5 axb5 15.
Qxb5 Qxd5 16. Qe2 Bd6 17. Qh5+ Bf7 18. Qh3 O-O 19. Nc3 Qe5 20. Ne2 Qf6 21. Rd1
f4 22. Ned4 Nxd4 23. Nxd4 Be5 24. Nb3 Be6 0-1

[Event "49th Capablanca Mem Open I 2014"]
[Site "Havana CUB"]
[Date "2014.05.10"]
[Round "3.34"]
[White "Vigoa Apecheche, Yanira"]
[Black "Corrales Jimenez, Zenia"]
[Result "1-0"]
[WhiteTitle "WGM"]
[BlackTitle "WIM"]
[WhiteElo "2337"]
[BlackElo "2178"]
[WhiteFideId "3507041"]
[BlackFideId "3506355"]
[EventDate "2014.04.08"]

1. d4 Nf6 2. Nf3 g6 3. g3 d5 4. Bg2 Bg7 5. c4 dxc4 6. Nc3 O-O 7. O-O Nc6 8. h3
Bf5 9. g4 Bc8 10. e4 Nb4 11. Be3 c5 12. d5 Nd3 13. Nd2 Nxb2 14. Qc2 Nd3 15. Nxc4
Nb4 16. Qb3 Bxg4 17. hxg4 Nxg4 18. Rfd1 b5 19. Bxc5 Na6 20. Qxb5 Nxc5 21. Qxc5
Bxc3 22. Rac1 Bf6 23. Na5 Bh4 24. Rc2 Qb8 25. Nc6 Qh2+ 26. Kf1 Qf4 27. Kg1 f5
28. e5 Nxe5 29. Rd4 Bxf2+ 30. Rxf2 Qg3 31. Nxe5 Qxe5 32. Rd1 f4 33. Qd4 Qg5 34.
Rdf1 Rac8 35. Rxf4 Rxf4 36. Qxf4 Qxf4 37. Rxf4 Kg7 38. Ra4 Rc7 39. Ra6 Kh6 40.
Be4 Kg5 41. Rc6 Rd7 42. Rc5 Kf4 43. Bc2 Ke3 44. Bb3 g5 45. Kg2 h5 46. Kg3 Ke4
47. Rc1 a5 48. Rc5 Ra7 49. Bd1 g4 50. Bb3 a4 51. Rc4+ Ke5 52. Rxa4 Rxa4 53. Bxa4
Kxd5 54. Be8 e5 55. Bxh5 e4 56. Bxg4 e3 57. Kf3 Kd4 58. Ke2 Kc4 59. Kxe3 Kb4 60.
Kd2 1-0

[Event "49th Capablanca Mem Open I 2014"]
[Site "Havana CUB"]
[Date "2014.05.10"]
[Round "3.35"]
[White "Lebredo Zaragoitia, Gerardo"]
[Black "Martinez Ramirez, Lennis"]
[Result "0-1"]
[WhiteTitle "IM"]
[BlackTitle "FM"]
[WhiteElo "2211"]
[BlackElo "2330"]
[WhiteFideId "3500845"]
[BlackFideId "3509079"]
[EventDate "2014.04.08"]

1. d4 Nf6 2. c4 e6 3. Nc3 Bb4 4. Nf3 O-O 5. g3 d5 6. cxd5 exd5 7. Bg2 c6 8. O-O
Re8 9. Bf4 Bd6 10. Ne5 Nh5 11. Bc1 Nf6 12. e4 Be6 13. exd5 cxd5 14. Nxd5 Nxd5
15. Qb3 Nc6 16. Nxc6 bxc6 17. Be3 Rb8 18. Qc2 Rb6 19. a3 a5 20. Rfc1 Bd7 21. Bf1
h5 22. Re1 h4 23. Qd3 Qb8 24. Rab1 Rb3 0-1

[Event "49th Capablanca Mem Open I 2014"]
[Site "Havana CUB"]
[Date "2014.05.10"]
[Round "3.36"]
[White "Morales Romero, Pedro"]
[Black "Miranda Rodriguez, Tania"]
[Result "1-0"]
[WhiteTitle "IM"]
[BlackTitle "WFM"]
[WhiteElo "2327"]
[BlackElo "2161"]
[WhiteFideId "3503798"]
[BlackFideId "3510417"]
[EventDate "2014.04.08"]

1. e4 g6 2. d4 Bg7 3. Nc3 d6 4. Nf3 Nf6 5. g3 h6 6. Be3 O-O 7. Qd2 Kh7 8. Bd3 e6
9. O-O-O a6 10. Kb1 b5 11. e5 Nfd7 12. h4 dxe5 13. dxe5 Nxe5 14. Nxe5 Bxe5 15.
h5 Bg7 16. hxg6+ fxg6 17. Bxh6 1-0

[Event "49th Capablanca Mem Open I 2014"]
[Site "Havana CUB"]
[Date "2014.05.10"]
[Round "3.37"]
[White "Rodriguez, Adrien"]
[Black "Alonso Bouza, Julio Javier"]
[Result "1/2-1/2"]
[BlackTitle "FM"]
[WhiteElo "2184"]
[BlackElo "2327"]
[WhiteFideId "20691866"]
[BlackFideId "3508889"]
[EventDate "2014.04.08"]

1. d4 Nf6 2. Nf3 c5 3. c4 cxd4 4. Nxd4 b6 5. Nc3 Bb7 6. f3 d6 7. e4 e6 8. Be3 a6
9. Be2 Nbd7 10. O-O Be7 11. Qe1 O-O 12. Qg3 Kh8 13. Rfd1 Rc8 14. Rac1 Re8 15.
Qf2 Qc7 16. b4 Qb8 17. Nb3 d5 18. cxd5 exd5 19. Nxd5 Rxc1 20. Bxc1 Nxd5 21. exd5
Bxb4 22. Bd3 Nc5 23. Bb1 Nxb3 24. Qc2 g6 25. Qxb3 Bd6 26. h3 Kg8 27. Qxb6 Bc7
28. Qd4 Ba8 29. Qb2 Qa7+ 30. Kh1 Bxd5 31. Bh6 Be5 32. Re1 f6 33. Qd2 Bc6 34. f4
Bd4 35. Rxe8+ Bxe8 36. Bc2 Qc5 37. Bb3+ Bf7 38. Qe1 Be3 39. f5 g5 40. Qd1 Qc1
41. Qxc1 Bxc1 42. h4 Bxb3 43. axb3 Kf7 44. Kg1 Ke7 45. Kf2 Kd6 46. g4 Ke5 47.
Kf3 Bd2 48. h5 Bb4 49. Bg7 Be7 50. Ke3 Bc5+ 51. Kf3 Be7 52. Ke3 Bc5+ 53. Kf3 Be7 1/2-1/2

[Event "49th Capablanca Mem Open I 2014"]
[Site "Havana CUB"]
[Date "2014.05.10"]
[Round "3.38"]
[White "Esquivel Golcher, Luis"]
[Black "Arribas Robaina, Maritza"]
[Result "1/2-1/2"]
[WhiteTitle "FM"]
[BlackTitle "WGM"]
[WhiteElo "2124"]
[BlackElo "2318"]
[WhiteFideId "6600174"]
[BlackFideId "3501418"]
[EventDate "2014.04.08"]

1. e4 e6 2. d4 d5 3. Nd2 Be7 4. Bd3 dxe4 5. Nxe4 Nf6 6. Nf3 Nbd7 7. O-O Nxe4 8.
Bxe4 O-O 9. Qe2 Nf6 10. Bd3 b6 11. Bg5 Bb7 12. Rad1 h6 13. Bxf6 Bxf6 14. Be4
Bxe4 15. Qxe4 Qd5 16. Qxd5 exd5 17. Rfe1 Rfe8 18. Kf1 Re6 19. Rxe6 1/2-1/2

[Event "49th Capablanca Mem Open I 2014"]
[Site "Havana CUB"]
[Date "2014.05.10"]
[Round "3.39"]
[White "Souleidis, Georgios"]
[Black "Vargas Rodriguez, Wilver"]
[Result "1-0"]
[WhiteTitle "IM"]
[WhiteElo "2387"]
[BlackElo "2247"]
[WhiteFideId "4206827"]
[BlackFideId "3509672"]
[EventDate "2014.04.08"]

1. e4 e6 2. d4 d5 3. Nc3 Bb4 4. e5 c5 5. a3 Ba5 6. b4 cxd4 7. Qg4 Ne7 8. bxa5
dxc3 9. Qxg7 Rg8 10. Qxh7 Qc7 11. Nf3 Nbc6 12. Bf4 Bd7 13. Bg3 O-O-O 14. a6 b6
15. Qd3 Na5 16. Nd4 Qc5 17. Be2 Ba4 18. O-O Nac6 19. Nxc6 Nxc6 20. Rfd1 Rdf8 21.
Rac1 Ne7 22. Qf3 Nf5 23. Bd3 Nxg3 24. hxg3 Rh8 25. Rb1 Rh6 26. Rb4 Rfh8 27. Rh4
Be8 28. Qf4 Rxh4 29. gxh4 Qxa3 30. Qf6 Qf8 31. Rb1 Ba4 32. Qf4 Bd7 33. Rb3 Qh6
34. Rxc3+ Kd8 35. Qxh6 Rxh6 36. g3 f6 37. exf6 Rxf6 38. f4 Be8 39. Rb3 Ke7 40.
Kh2 Bh5 41. Kh3 Bf3 42. Rb4 Kd6 43. g4 e5 44. fxe5+ Kxe5 45. h5 Be4 46. Kh4 Rf2
47. Kg5 Rf8 48. Rb1 Rg8+ 49. Kh4 Kf4 50. Rf1+ Ke3 51. h6 Bxd3 52. cxd3 d4 53. g5
Kxd3 54. h7 Rh8 55. g6 Ke2 56. Rf7 d3 57. Re7+ Kf2 58. Rd7 Ke2 59. Kg5 d2 60.
Kh6 1-0

[Event "49th Capablanca Mem Open I 2014"]
[Site "Havana CUB"]
[Date "2014.05.10"]
[Round "3.40"]
[White "Feibert, Fred"]
[Black "Della Morte, Pablo"]
[Result "0-1"]
[WhiteTitle "FM"]
[BlackTitle "IM"]
[WhiteElo "2226"]
[BlackElo "2386"]
[WhiteFideId "4610750"]
[BlackFideId "108448"]
[EventDate "2014.04.08"]

1. d4 Nf6 2. Nf3 g6 3. g3 Bg7 4. Bg2 O-O 5. O-O d6 6. c4 Nc6 7. Nc3 a6 8. h3 Bd7
9. e4 e5 10. Be3 exd4 11. Nxd4 Re8 12. Qd2 Ne5 13. Qe2 c5 14. Nc2 b5 15. cxb5
axb5 16. Nxb5 Qb8 17. Nca3 c4 18. Nc3 Qb4 19. f4 Nd3 20. e5 dxe5 21. fxe5 Nh5
22. Bxa8 Rxa8 23. Qf3 Rf8 24. Nd5 Qxb2 25. Nxc4 Qc2 26. Ne7+ Kh8 27. Nd6 Nxe5
28. Qg2 Qc7 29. Rad1 Ba4 30. Qb7 Qc3 31. Nd5 Qb2 32. Nxf7+ 0-1

[Event "49th Capablanca Mem Open I 2014"]
[Site "Havana CUB"]
[Date "2014.05.10"]
[Round "3.41"]
[White "Forgas Moreno, Yaniela"]
[Black "Leon Valdes, Jony Wilson"]
[Result "0-1"]
[WhiteTitle "WFM"]
[BlackTitle "FM"]
[WhiteElo "2158"]
[BlackElo "2306"]
[WhiteFideId "3508072"]
[BlackFideId "3506177"]
[EventDate "2014.04.08"]

1. e4 e6 2. d4 d5 3. Nc3 Nf6 4. e5 Nfd7 5. Nce2 c5 6. f4 Nc6 7. c3 cxd4 8. cxd4
Bb4+ 9. Bd2 Qb6 10. Bxb4 Qxb4+ 11. Qd2 Qxd2+ 12. Kxd2 Nb6 13. b3 a5 14. a4 Bd7
15. Nf3 Ke7 16. Nc3 f6 17. Nb5 Nb4 18. Nd6 Rab8 19. Rc1 Nc8 20. Nb5 Bc6 21. Be2
Rf8 22. Rhe1 Kd7 23. Bf1 Ne7 24. g3 f5 25. Re3 h6 26. Na3 Rg8 27. h4 Rgc8 28.
Nc2 b5 29. Nxb4 axb4 30. axb5 Bxb5 31. Bxb5+ Rxb5 32. Rxc8 Kxc8 33. Re1 Ra5 34.
Rc1+ Kd7 35. Kd3 Nc6 36. Nd2 Ra2 37. Rg1 h5 38. Rd1 Kc7 39. Rg1 Kb6 40. Rd1 Na5
41. Rb1 g6 42. Nf3 Rg2 43. Ng5 Rxg3+ 44. Ke2 Kb5 45. Nxe6 Nxb3 46. Rd1 Kc4 47.
Kf2 Rc3 48. Ke2 Nc1+ 49. Kd2 Nd3 50. Ra1 Ra3 51. Rb1 b3 52. Nc7 Nxf4 53. e6 Ra2+
54. Kd1 Re2 55. Rc1+ Kd3 56. Rc6 Rc2 57. e7 b2 0-1

[Event "49th Capablanca Mem Open I 2014"]
[Site "Havana CUB"]
[Date "2014.05.10"]
[Round "3.42"]
[White "Batista Suarez, Jeorling Yahytin"]
[Black "Miranda Llanes, Yerisbel"]
[Result "1-0"]
[WhiteTitle "FM"]
[BlackTitle "WIM"]
[WhiteElo "2305"]
[BlackElo "2229"]
[WhiteFideId "3504697"]
[BlackFideId "3507700"]
[EventDate "2014.04.08"]

1. d4 d5 2. Nf3 Nf6 3. Bg5 Nbd7 4. Nbd2 g6 5. e3 Bg7 6. Bd3 O-O 7. O-O Re8 8. c4
c5 9. cxd5 Nxd5 10. Qb3 N5b6 11. Ne4 cxd4 12. Nd6 Rf8 13. exd4 Nf6 14. Nxc8 Rxc8
15. Rfe1 e6 16. a4 Qd5 17. Qb4 Nbd7 18. Rad1 h6 19. Bh4 Rfe8 20. Ne5 Bf8 21. Qd2
Qb3 22. Bb5 Bb4 23. Re3 Bxd2 24. Rxb3 g5 25. Nxd7 1-0

[Event "49th Capablanca Mem Open I 2014"]
[Site "Havana CUB"]
[Date "2014.05.10"]
[Round "3.43"]
[White "Madrigal, Mariano"]
[Black "Perera Alfonso, Rene Humberto"]
[Result "1/2-1/2"]
[WhiteTitle "IM"]
[BlackTitle "FM"]
[WhiteElo "2190"]
[BlackElo "2302"]
[WhiteFideId "6100961"]
[BlackFideId "3514722"]
[EventDate "2014.04.08"]

1. e4 c5 2. Nf3 d6 3. Bb5+ Nd7 4. c3 Nf6 5. Qe2 a6 6. Ba4 b5 7. Bc2 e5 8. O-O
Be7 9. Rd1 O-O 10. d3 Bb7 11. Nbd2 Re8 12. Nf1 Bf8 13. Ng3 g6 14. h3 Rc8 15. a4
d5 16. Bb3 Qc7 17. Bd2 h6 18. axb5 axb5 19. Rdc1 c4 20. Bc2 Nc5 21. dxc4 bxc4
22. exd5 e4 23. Nd4 Nd3 24. Rcb1 Nxd5 25. Nf1 e3 26. Nxe3 N5f4 27. Qg4 h5 28.
Qg3 Bd6 29. Bxd3 Ne2+ 30. Bxe2 Bxg3 31. fxg3 Qxg3 32. Bf3 Bxf3 33. Nxf3 Red8 34.
Nf1 Qb8 35. Be3 Rd3 36. Bd4 Qf4 37. Re1 Rd8 38. Ra5 Qb8 39. Rae5 R3xd4 40. Nxd4
Qxb2 41. Re8+ Rxe8 42. Rxe8+ Kg7 43. Re3 f5 44. Ne6+ Kf6 45. Nf4 h4 46. Ne6 g5
47. Nd4 g4 48. hxg4 fxg4 49. Re6+ Kg5 50. Re3 Qa1 51. Ne6+ Kf6 52. Nd4 Qa7 53.
Re6+ Kg5 54. Re3 g3 55. Ne6+ Kg4 56. Nd4 Qa1 57. Re4+ Kh5 58. Re5+ Kg6 59. Re6+
Kg5 60. Re3 Kf4 61. Ne2+ Kg4 62. Nd4 Qb2 63. Rf3 Qc1 64. Ne2 Qa1 65. Nd4 Qb2 66.
Ne3+ Kh5 67. Nf1 Qa2 68. Rf5+ Kg6 69. Rf3 Qb1 70. Ne2 Qe1 71. Nd4 Kh5 72. Rf5+
Kg4 73. Rf6 Kg5 74. Rf5+ Kg4 1/2-1/2

[Event "49th Capablanca Mem Open I 2014"]
[Site "Havana CUB"]
[Date "2014.05.10"]
[Round "3.44"]
[White "Larrua Gonzalez, Fernando Oscar"]
[Black "Alvarez Fernandez, Carlos Rene"]
[Result "1-0"]
[WhiteTitle "FM"]
[WhiteElo "2298"]
[BlackElo "2226"]
[WhiteFideId "3510662"]
[BlackFideId "3501507"]
[EventDate "2014.04.08"]

1. d4 Nf6 2. c4 g6 3. Nf3 Bg7 4. Nc3 O-O 5. g3 d6 6. Bg2 Nc6 7. O-O a6 8. h3 Rb8
9. e4 Bd7 10. e5 Ne8 11. Re1 dxe5 12. Nxe5 Nxe5 13. dxe5 c6 14. Bf4 Be6 15. Qa4
Nc7 16. Qb4 a5 17. Qxa5 Bxc4 18. Rad1 Bd5 19. Qb6 e6 20. Ne4 Na8 21. Qe3 Qb6 22.
Qc3 Bxe4 23. Bxe4 Qc7 24. h4 Rfd8 25. h5 Rxd1 26. Rxd1 g5 27. Bxg5 Qxe5 28. Qe3
Re8 29. h6 Bf6 30. Bxf6 Qxf6 31. Rd7 Kh8 32. Rxb7 Rd8 33. Bxc6 e5 34. Be4 Rd1+
35. Kg2 Rd8 36. Qa7 1-0

[Event "49th Capablanca Mem Open I 2014"]
[Site "Havana CUB"]
[Date "2014.05.10"]
[Round "3.45"]
[White "Fuentes Dominguez, Felix"]
[Black "Nunez Rocio, Fernando"]
[Result "1-0"]
[WhiteTitle "FM"]
[WhiteElo "2297"]
[BlackElo "2185"]
[WhiteFideId "3504158"]
[BlackFideId "3511758"]
[EventDate "2014.04.08"]

1. e4 c5 2. Nf3 e6 3. d4 cxd4 4. Nxd4 Nf6 5. Nc3 Nc6 6. Nxc6 bxc6 7. e5 Nd5 8.
Ne4 Qa5+ 9. c3 Ba6 10. Be2 Be7 11. O-O Bxe2 12. Qxe2 f5 13. exf6 Nxf6 14. Rd1
Qe5 15. Nxf6+ Bxf6 16. Be3 Qc7 17. Bc5 Qe5 18. Qc4 d5 19. Qa4 Qc7 20. c4 Kf7 21.
Qc2 Rab8 22. Rab1 Rhd8 23. b4 a5 24. a3 axb4 25. axb4 Qf4 26. cxd5 cxd5 27. Rb3
Rdc8 28. Qb1 Kg8 29. Rh3 h6 30. Qg6 Qg5 31. Qd3 Ra8 32. Re3 Kf7 33. Qe2 Rc6 34.
Re1 Re8 35. Qb5 Rec8 36. Rxe6 Qd2 37. R6e2 Qc3 38. Qb7+ R8c7 39. Qb8 Rc8 40. Qf4
Rxc5 41. bxc5 Qxc5 42. h4 d4 43. Qe4 Rd8 44. Qe6+ Kf8 45. g3 d3 46. Rd2 Qa5 47.
Red1 Qb4 48. Qf5 Qb3 49. Qf3 Rb8 50. Rxd3 Qb6 51. Rd6 Qa5 52. Rxf6+ gxf6 53.
Qxf6+ Kg8 54. Qg6+ Kh8 55. Qxh6+ Kg8 56. Qg6+ Kh8 57. Rd7 Qe1+ 58. Kg2 Qxf2+ 59.
Kxf2 Rb2+ 60. Ke1 Re2+ 61. Kd1 Rd2+ 62. Kc1 Rd1+ 63. Kb2 1-0

[Event "49th Capablanca Mem Open I 2014"]
[Site "Havana CUB"]
[Date "2014.05.10"]
[Round "3.46"]
[White "Gonzalez Ochoa, Yoana"]
[Black "Estrada Nieto, Julian"]
[Result "1/2-1/2"]
[WhiteTitle "WFM"]
[BlackTitle "IM"]
[WhiteElo "2127"]
[BlackElo "2288"]
[WhiteFideId "3507629"]
[BlackFideId "5101018"]
[EventDate "2014.04.08"]

1. e4 e5 2. Nf3 Nc6 3. Bb5 a6 4. Ba4 Nf6 5. O-O Be7 6. d3 b5 7. Bb3 d6 8. a4 b4
9. Nbd2 Na5 10. Ba2 O-O 11. Nc4 c5 12. c3 Nxc4 13. Bxc4 a5 14. Re1 h6 15. h3 Qc7
16. cxb4 cxb4 17. b3 Ba6 18. Nd2 Nd7 19. Bb2 Nc5 20. Bxa6 Rxa6 21. Nc4 Bg5 22.
g3 f5 23. h4 Bd8 24. exf5 Rxf5 25. d4 Nd7 26. dxe5 Nxe5 27. Nxe5 dxe5 28. Rc1
Qb6 29. Qc2 Qg6 30. Rxe5 Raf6 31. Rxf5 Rxf5 32. Qe4 Bb6 33. Bd4 Bxd4 34. Qxd4
Qf7 35. Qd3 Qe6 36. Kg2 Rf8 37. Rc5 Qb6 38. Qe3 Qb7+ 39. f3 Qb6 40. Kf2 Qd8 41.
Qe6+ Kh8 42. Qd5 Qb6 43. Qc6 Qa7 44. Kg2 Qe7 45. Rc2 Qe3 46. Qd5 Qb6 47. Qc5 Qf6
48. Rf2 Qd8 49. Kh2 Re8 50. Rc2 Qd3 51. Rf2 Qxb3 52. Qxa5 Qe3 53. Rb2 Qc3 54.
Rxb4 Qxf3 55. Rf4 Re2+ 56. Kh3 Qh1+ 57. Kg4 Re8 58. Rd4 Re4+ 59. Rxe4 Qxe4+ 60.
Kh3 Qh1+ 61. Kg4 Qe4+ 62. Kh3 Qh1+ 1/2-1/2

[Event "49th Capablanca Mem Open I 2014"]
[Site "Havana CUB"]
[Date "2014.05.10"]
[Round "3.47"]
[White "Vega Chirino, Lemay"]
[Black "Castillo Coca, Mairebys"]
[Result "1/2-1/2"]
[WhiteTitle "FM"]
[BlackTitle "WFM"]
[WhiteElo "2282"]
[BlackElo "2121"]
[WhiteFideId "3502252"]
[BlackFideId "3511910"]
[EventDate "2014.04.08"]

1. c4 Nf6 2. Nc3 g6 3. g3 Bg7 4. Bg2 O-O 5. Nf3 c5 6. O-O Nc6 7. d4 cxd4 8. Nxd4
Nxd4 9. Qxd4 d6 10. Qd2 Rb8 11. Rd1 Bd7 12. b3 Bc6 13. Bb2 Bxg2 14. Kxg2 a6 15.
Rac1 Qc8 16. Nd5 Qe6 17. Rc2 Rfc8 18. Bxf6 Bxf6 19. Rdc1 h5 20. Qf4 Kg7 21. h4
Rc5 22. Qf3 Be5 23. b4 Rc6 24. Qd3 Rbc8 25. e4 Bf6 26. f4 a5 27. a3 axb4 28.
axb4 Ra6 29. c5 Kh7 30. cxd6 Rxc2+ 31. Rxc2 Rxd6 32. b5 Rd7 33. Rd2 Bg7 34. Nf6+
Bxf6 35. Qxd7 Qxe4+ 36. Kh2 Kg7 37. Qd3 Qe6 38. Qd5 Qe3 39. Qd3 Qe6 40. Qd5 Qe3
41. Qd3 Qe6 1/2-1/2

[Event "49th Capablanca Mem Open I 2014"]
[Site "Havana CUB"]
[Date "2014.05.10"]
[Round "3.48"]
[White "Duran Vega, Sergio"]
[Black "Fernandez Rivero, Karla July"]
[Result "1/2-1/2"]
[WhiteTitle "FM"]
[BlackTitle "WFM"]
[WhiteElo "2252"]
[BlackElo "2120"]
[WhiteFideId "6501311"]
[BlackFideId "3517489"]
[EventDate "2014.04.08"]

1. d4 Nf6 2. c4 g6 3. Nc3 d5 4. cxd5 Nxd5 5. e4 Nxc3 6. bxc3 Bg7 7. Nf3 c5 8.
Be3 Nc6 9. Rc1 cxd4 10. cxd4 O-O 11. d5 Ne5 12. Nxe5 Bxe5 13. Bc4 b5 14. Bb3 a5
15. f4 Bb2 16. Rb1 Bc3+ 17. Kf2 Bd7 18. Bd4 Rc8 19. Rc1 Bg4 20. Qd3 Bxd4+ 21.
Qxd4 Qd6 22. Qe3 Qa3 23. d6 Qxd6 24. h3 Be6 25. Rhd1 Qa6 26. Bd5 Rxc1 27. Qxc1
Rd8 28. Qe3 b4 29. Kg1 1/2-1/2

[Event "49th Capablanca Mem Open I 2014"]
[Site "Havana CUB"]
[Date "2014.05.10"]
[Round "3.49"]
[White "Gomez Sanchez, Jorge Marcos"]
[Black "Romero Nunez, Wendy"]
[Result "1-0"]
[BlackTitle "WFM"]
[WhiteElo "2248"]
[BlackElo "2080"]
[WhiteFideId "3506649"]
[BlackFideId "3510174"]
[EventDate "2014.04.08"]

1. d4 d5 2. Bg5 c6 3. c3 Bf5 4. Nd2 Qb6 5. Qb3 Nd7 6. Ngf3 h6 7. Bh4 Ngf6 8. e3
e6 9. Bg3 Be7 10. Ne5 O-O 11. Nxd7 Nxd7 12. f3 Bg6 13. e4 f5 14. exd5 Qxb3 15.
Nxb3 exd5 16. Bd3 Kh7 17. Bf4 Rae8 18. O-O-O b6 19. Rde1 Bg5 20. Bxg5 hxg5 21.
h4 gxh4 22. Rxh4+ Kg8 23. Reh1 Re3 24. Kd2 Rfe8 25. Be4 R3xe4 26. fxe4 fxe4 27.
Rh8+ Kf7 28. Rxe8 Kxe8 29. Ke2 Ke7 30. Nd2 b5 31. Nf1 Nb6 32. b3 Bf7 33. Rh8 Be6
34. Ne3 Bd7 35. Kf2 Be6 36. Kg3 Kf6 37. Kf4 g5+ 38. Kg3 Kg7 39. Rb8 Bc8 40. a4
bxa4 41. bxa4 Ba6 42. a5 Na4 43. Ra8 Be2 44. Rxa7+ Kf8 45. Rc7 Nxc3 46. Rxc6 Nb5
47. a6 1-0

[Event "49th Capablanca Mem Open I 2014"]
[Site "Havana CUB"]
[Date "2014.05.10"]
[Round "3.50"]
[White "Alvarez Ferreiro, Roberto"]
[Black "Ginesta Caballero, Olga Lucia"]
[Result "1-0"]
[WhiteTitle "FM"]
[BlackTitle "WFM"]
[WhiteElo "2382"]
[BlackElo "2124"]
[WhiteFideId "3503038"]
[BlackFideId "3508234"]
[EventDate "2014.04.08"]

1. d4 Nf6 2. Nf3 e6 3. c4 Bb4+ 4. Bd2 Qe7 5. Qc2 Nc6 6. Bc3 O-O 7. e3 d6 8. Be2
e5 9. d5 Bxc3+ 10. Nxc3 Nb4 11. Qa4 a5 12. a3 Bd7 13. Qd1 Na6 14. O-O c6 15. Nd2
Nc7 16. e4 c5 17. b3 Rab8 18. Qc2 Ng4 19. Bxg4 Bxg4 20. f3 Bd7 21. Rfe1 Qg5 22.
Qd3 h6 23. Qe3 Qxe3+ 24. Rxe3 g5 25. h3 Kg7 26. Ree1 f6 27. Reb1 Ra8 28. Ra2 Kf7
29. b4 axb4 30. axb4 Rxa2 31. Nxa2 Na6 32. bxc5 Nxc5 33. Nb3 Nxb3 34. Rxb3 Bc8
35. Rb6 Ke7 36. Nc3 Rd8 37. g4 Rd7 38. Nb5 Rd8 39. Kf2 Rd7 40. Ke3 Rd8 41. Kd2
Rd7 42. Kd3 Rd8 43. Kc3 Rd7 44. c5 dxc5 45. Re6+ Kf8 46. Kc4 Rf7 47. Rb6 Ke7 48.
Nd6 Rf8 49. Kxc5 Rd8 50. Nxb7 Bxb7 51. Rxb7+ Ke8 52. Rh7 Rc8+ 53. Kd6 Rc3 54.
Ke6 1-0